000
00324nam a22001577a 4500
003
SGT
020
_a
9780074631669
082
_a
15504,HUR
100
_a
HUELOCK
245
_a
CHILD DEVELOPMENT
250
_a
6TH
260
_a
DELHI
_b
MC-GRAW HILL
_c
2019
300
_a
570
650
_a
PSYCHOLOGY
942
_2
ddc
_c
BK
_0
29
999
_c
20812
_d
20812